Music Quiz

Random Music or Clickable Quiz

Initials In Song Lyrics Quiz Stats

 Plays Quiz Updated Feb 2, 2015

Support Sporcle.
Go Orange.
Score 0/22 Timer 08:00
0 Plays Today
% Correct
SOS
88.9%
USA
81.2%
UFO
80.4%
LAX
79.5%
LSD
77.2%
DNA
71.5%
IQ
70.8%
MTV
69.9%
CIA
69.6%
AM
68.5%
DDT
68.4%
% Correct
JFK
66.2%
ATM
66.1%
LA
62%
FBI
61.2%
TV
60.8%
TCB
59.4%
PC
55.8%
RSVP
54.6%
TNT
54.1%
BOAC
45.1%
VTR
43.5%

You're not logged in!

Compare scores with friends on all Sporcle quizzes.
OR
Log In

From the Vault

The Unwelcome Guest Star IV

by Thebiguglyalien

Just make sure you're not too obvious about the fact that they're unwelcome.
Remove Ads.
Support Sporcle.
Get the best of Sporcle when you Go Orange. This ad-free experience offers more features, more stats, and more fun while also helping to support Sporcle. Thank you for becoming a member.

Show Comments

Extras

Top Quizzes Today


Score Distribution

Your Account Isn't Verified!

In order to create a playlist on Sporcle, you need to verify the email address you used during registration. Go to your Sporcle Settings to finish the process.

Report this User

Report this user for behavior that violates our Community Guidelines.

Details: